000 01360cam a22003374a 4500
999 _c7042
_d7042
001 12685215
003 OSt
005 20210830123350.0
008 020215s2003 njua b 001 0 eng
010 _a 2002022721
020 _a0691090203 (alk. paper)
020 _a0691090211 (pbk. : alk. paper)
035 _a(DLC) 2002022721
040 _aDLC
_cDDC
_dDLC
042 _apcc
050 0 0 _aQH352
_b.T83 2003
082 0 0 _a577.88TUR2003
100 1 _aTurchin, Peter,
_d1957-
_914482
245 1 0 _aComplex population dynamics :
_ba theoretical/empirical synthesis /
_cPeter Turchin.
260 _aPrinceton, N.J. :
_bPrinceton University Press,
_cc2003.
300 _axvii, 450 p. :
_bill. ;
_c23 cm.
440 0 _aMonographs in population biology ;
_v35
_914483
504 _aIncludes glossary,references and index.
650 0 _aBiology.
_95602
856 4 1 _3Sample text
_uhttp://www.loc.gov/catdir/samples/prin031/2002022721.html
856 4 2 _3Publisher description
_uhttp://www.loc.gov/catdir/description/prin031/2002022721.html
856 4 1 _3Table of contents
_uhttp://www.loc.gov/catdir/toc/prin032/2002022721.html
906 _a7
_bcbc
_corignew
_d1
_eocip
_f20
_gy-gencatlg
942 _2ddc
_cO_SHELF